Software process improvement framework - from concepts to capabilities /
Saved in:
| Main Author: | |
|---|---|
| Format: | Thesis |
| Language: | English |
| Published: |
Gombak, Selangor :
Management Center, International Islamic University Malaysia,
2001.
|
| Subjects: | |
| Online Access: | Click here to view 1st 24 pages of the thesis. Members can view fulltext at the specified PCs in the library. |
| Tags: |
Add Tag
No Tags, Be the first to tag this record!
|
| LEADER | 018510000a22003610004500 | ||
|---|---|---|---|
| 001 | 269252 | ||
| 005 | 20230420141103.0 | ||
| 008 | 030929s2001 my a g 000 0 eng d | ||
| 035 | |a (Sirsi) 269252 | ||
| 040 | |a UIAM |b eng | ||
| 041 | 0 | |a eng | |
| 043 | |a a-my--- | ||
| 050 | 0 | 0 | |a QA76.76.D47 |
| 100 | 1 | |a Tan, Chuan Cherng |9 123752 | |
| 245 | 1 | 0 | |a Software process improvement framework - from concepts to capabilities / |c by Tan Chuan Cherng |
| 260 | |a Gombak, Selangor : |b Management Center, International Islamic University Malaysia, |c 2001. | ||
| 300 | |a 65 leaves : |b ill. ; |c 30 cm. | ||
| 336 | |2 rdacontent | ||
| 337 | |2 rdamedia | ||
| 338 | |2 rdacarrier | ||
| 502 | |a "MBA project paper submitted in partial fulfilment of the requirement for the degree of Master of Business Administration, Management Centre, International Islamic University Malaysia."--On t.p. | ||
| 502 | |a Thesis (MBA)--International Islamic University Malaysia, April 2001. | ||
| 504 | |a Includes bibliographical references (leaves 29-32). | ||
| 650 | 0 | |a Computer software |x Development |9 14936 | |
| 655 | 0 | 7 | |a Theses, IIUM local |
| 690 | 0 | |a Dissertations, Academic |x Management Centre |z IIUM |9 34390 | |
| 710 | 2 | |a International Islamic University Malaysia. |b Management Centre |9 34391 | |
| 856 | 4 | |u http://studentrepo.iium.edu.my/handle/123456789/3436 |z Click here to view 1st 24 pages of the thesis. Members can view fulltext at the specified PCs in the library. | |
| 900 | |a rus-niza-nap-za-hm | ||
| 942 | |2 lcc |n 0 | ||
| 999 | |c 432242 |d 467052 | ||
| 952 | |0 0 |6 T QA 000076.76 D47T161S 2001 |7 0 |8 THESES |9 753370 |a IIUM |b IIUM |c MULTIMEDIA |g 0.00 |o t QA76.76D47T161S 2001 |p 00000853211 |r 2017-10-20 |t 1 |v 0.00 |y THESIS | ||
| 952 | |0 0 |6 TS CDF QA76.76D47T161S 2001 |7 0 |8 THESES |9 812325 |a IIUM |b IIUM |c MULTIMEDIA |g 0.00 |o ts cdf QA76.76D47T161S 2001 |p 11100326612 |r 2017-10-26 |t 1 |v 0.00 |y THESISDIG | ||
